[Event "TCh-ESP Honor Gp1"]
[Site "Olite ESP"]
[Date "2006.09.07"]
[Round "2"]
[White "Volokitin,And"]
[Black "Franco Ocampos,Z"]
[Result "1/2-1/2"]
[WhiteElo "2662"]
[BlackElo "2525"]

1.e4 g6 2.d4 Bg7 3.Nc3 c6 4.Be3 d5 5.e5 c5 6.Nf3 Bg4 7.dxc5 e6 8.Nb5 Nc6
9.Nd6+ Kf8 10.c4 Bxf3 11.gxf3 d4 12.Bxd4 Qh4 13.Bc3 Bxe5 14.Qb3 Qf6 15.O-O-O Bxc3
16.Qxc3 Qxc3+ 17.bxc3 b6 18.f4 Nge7 19.Bg2 Kg7 20.Nb7 bxc5 21.Rd7 Rac8 22.Rhd1 Rhf8
23.Nxc5 Kg8 24.Ne4 Nf5 25.c5 Nce7 26.c4 Nc6 27.Nd6 Nxd6 28.cxd6 Na5 29.Rxa7 Rxc4+
30.Kd2 Nc6 31.Rc7 Rd8 32.Ke1 Na5 33.Ra7 Nc6 34.Ra6 Nd4 35.a4 Kf8 36.a5 Ra4
37.Ra8 Rxa8 38.Bxa8 Rxa5 39.Be4 Ra4 40.Rb1 Ke8 41.Rb8+  1/2-1/2

[Event "TCh-ESP Honor Gp1"]
[Site "Olite ESP"]
[Date "2006.09.09"]
[Round "4"]
[White "Volokitin,And"]
[Black "Rustemov,A"]
[Result "1/2-1/2"]
[WhiteElo "2662"]
[BlackElo "2565"]

1.e4 e5 2.Nf3 Nf6 3.Nxe5 d6 4.Nf3 Nxe4 5.d4 d5 6.Bd3 Nc6 7.O-O Be7 8.Re1 Bf5
9.c4 Nb4 10.Bf1 O-O 11.a3 Nc6 12.cxd5 Qxd5 13.Nc3 Nxc3 14.bxc3 Bf6 15.Bf4 Qd7
16.Ra2 Rfe8 17.Rae2 Rxe2 18.Qxe2 Be6 19.Bg5 Bd8 20.Qb5 h6 21.Be3 b6 22.Bf4 a6  1/2-1/2

[Event "TCh-ESP Honor Gp1"]
[Site "Olite ESP"]
[Date "2006.09.10"]
[Round "5"]
[White "Ubilava,E"]
[Black "Volokitin,And"]
[Result "0-1"]
[WhiteElo "2521"]
[BlackElo "2662"]

1.Nf3 c5 2.c4 Nc6 3.d4 cxd4 4.Nxd4 Nf6 5.Nc3 e6 6.a3 Be7 7.e4 O-O 8.Be2 d5
9.exd5 exd5 10.O-O Nxd4 11.Qxd4 Be6 12.cxd5 Nxd5 13.Nxd5 Qxd5 14.Qxd5 Bxd5
15.Be3 Bf6 16.Rad1 Bb3 17.Rd7 b6 18.Bf3 Rfd8 19.Rb7 Bxb2 20.Rb1 Bd5 21.Bxd5 Rxd5
22.a4 Ba3 23.g3 Ra5 24.Rd1 Rxa4 25.Rdd7 Bf8 26.Rxf7 a5 27.Rfd7 Rg4 28.f4 a4
29.Bxb6 Rg6 30.Bd4 a3 31.Kg2 a2 32.Ba1 Rf6 33.Kf3 Ra3+ 34.Kg2 Ra8 35.Kf3 Rh6
36.Kg2 Rc8 37.Bxg7 Bxg7 38.Rxg7+ Kh8 39.Ra7 Rc2+ 40.Kf3 a1=Q 41.Rxh7+ Rxh7
42.Rxa1 Rhxh2 43.Ra3 Rhf2+ 44.Kg4 Rc7 45.Rb3 Rfc2 46.Kh3 R2c3 47.Rb8+ Rc8  0-1

[Event "TCh-ESP Final"]
[Site "Lugo ESP"]
[Date "2006.11.03"]
[Round "1"]
[White "Volokitin,And"]
[Black "Timofeev,Arty"]
[Result "0-1"]
[WhiteElo "2645"]
[BlackElo "2662"]

1.e4 c5 2.Nf3 Nc6 3.d4 cxd4 4.Nxd4 Nf6 5.Nc3 e5 6.Ndb5 d6 7.Bg5 a6 8.Na3 b5
9.Nd5 Be7 10.Bxf6 Bxf6 11.c3 Bg5 12.Nc2 Ne7 13.h4 Bh6 14.a4 bxa4 15.Ncb4 O-O
16.Qxa4 a5 17.Bb5 Nxd5 18.Nxd5 Be6 19.Bc6 Rb8 20.b3 Kh8 21.g3 Bg4 22.O-O Bf3
23.Rfe1 Qc8 24.Bd7 Qb7 25.b4 axb4 26.cxb4 f5 27.Qc6 Bd2 28.Qxb7 Rxb7 29.Bc6 Rbb8
30.Reb1 Bxe4 31.Rb3 Bxd5 32.Bxd5 Rxb4 33.Rxb4 Bxb4 34.h5 g6 35.hxg6 hxg6
36.Ra8 Rxa8 37.Bxa8 Kg7 38.f3 Kf6 39.Bd5 e4 40.fxe4 Ke5 41.Bf7 fxe4 42.Bxg6 d5
43.Kf2 d4 44.g4 d3 45.g5 Be7 46.Ke1 Bxg5 47.Kd1 Kd4 48.Bh5 e3 49.Bf3 Be7  0-1

[Event "TCh-ESP Honor Gp2"]
[Site "Torrelavega ESP"]
[Date "2007.06.29"]
[Round "3"]
[White "Volokitin,And"]
[Black "Jerez Perez,A"]
[Result "1/2-1/2"]
[WhiteElo "2654"]
[BlackElo "2413"]

1.e4 e6 2.d4 d5 3.e5 c5 4.c3 Bd7 5.Nf3 Qb6 6.Bd3 Bb5 7.dxc5 Bxc5 8.b4 Be7
9.O-O Bxd3 10.Qxd3 Nd7 11.Na3 a6 12.Be3 Qc7 13.c4 Rd8 14.Bd4 dxc4 15.Nxc4 b5
16.Ne3 Qb7 17.a4 Bxb4 18.Rfb1 a5 19.axb5 Ne7 20.Nc4 O-O 21.Nxa5 Bxa5 22.Rxa5 Nf5
23.Rb4 Nb6 24.Ra1 Nd5 25.Qe4 Ra8 26.Rbb1 Rfb8 27.Rxa8 Qxa8 28.g4 Nxd4 29.Nxd4 Qa4
30.Re1 h6 31.Qd3 Rd8 32.Nc6 Qxg4+ 33.Qg3 Qxg3+ 34.hxg3 Rd7 35.Ra1 Rb7 36.Ra5 g5
37.Kf1 Kg7 38.Nd4 Rd7 39.Ke2 h5 40.Kd3 Kg6 41.Ra8 Kg7 42.Ra1 Rc7 43.Rb1 Kg6
44.Nc6 Kf5 45.Kd4 Rb7 46.Na5 Rb8 47.Nc4 h4 48.b6 Nxb6 49.Nxb6 hxg3 50.fxg3 Rd8+
51.Ke3 Kxe5 52.Nc4+ Kf6 53.Rb7 Rd1 54.Rb5 Rc1 55.Kd4 Rg1 56.Rb3 Rd1+ 57.Ke4 Rc1
58.Kd4 Rd1+ 59.Rd3 Rf1 60.Nd2 Ra1 61.Nf3 Ra5 62.Ke4 Ra4+ 63.Rd4 Ra3 64.Rd7 Ra4+
65.Ke3 Ra3+ 66.Kf2 Ra2+ 67.Kf1 Rb2 68.Rc7 Rb5 69.Kg2 Ra5 70.Rd7 Kg6 71.Re7 Kf6
72.Rd7 Kg6 73.Rd8 f6 74.Nd4 e5 75.Nc6 Ra2+ 76.Kh3 f5 77.Rg8+ Kh6 78.Nxe5 g4+
79.Nxg4+ fxg4+ 80.Kxg4 Ra4+ 81.Kh3 Kh7 82.Rb8 Ra6 83.Rb4 Kg7 84.Kg4 Rc6 85.Kf4 Ra6
86.Rd4 Rb6 87.g4 Ra6 88.Rd5 Rb6 89.Rg5+ Kf7 90.Kg3 Ra6 91.Kh4 Rb6 92.Kh5 Ra6
93.Rb5 Kg7 94.Rb7+ Kg8 95.g5  1/2-1/2

[Event "TCh-ESP Honor Gp2"]
[Site "Torrelavega ESP"]
[Date "2007.07.01"]
[Round "5"]
[White "Volokitin,And"]
[Black "Deepan Chakkravarthy,J"]
[Result "1-0"]
[WhiteElo "2654"]
[BlackElo "2482"]

1.e4 e5 2.Nf3 Nc6 3.Bb5 a6 4.Bxc6 dxc6 5.O-O f6 6.d4 Bg4 7.c3 Bd6 8.Be3 Ne7
9.Nbd2 Ng6 10.Qb3 Qc8 11.dxe5 Nxe5 12.Nd4 c5 13.Nf5 Bxf5 14.exf5 Qxf5 15.Qxb7 O-O
16.Qd5+ Kh8 17.f4 Qd3 18.Qxd3 Nxd3 19.b3 Rfe8 20.Rf3 g5 21.fxg5 Ne5  1-0

[Event "14th Ordix Open"]
[Site "Mainz GER"]
[Date "2007.08.18"]
[Round "5"]
[White "Volokitin,And"]
[Black "Khenkin,I"]
[Result "0-1"]
[WhiteElo "2681"]
[BlackElo "2602"]

1.d4 d5 2.c4 dxc4 3.Nf3 a6 4.e3 b5 5.a4 Bb7 6.axb5 axb5 7.Rxa8 Bxa8 8.b3 e6
9.bxc4 bxc4 10.Ne5 Nd7 11.Qa4 Nf6 12.Nc6 Nb6 13.Qb5 Qd7 14.Na7 Ne4 15.Na3 Qxb5
16.N7xb5 Bb4+ 17.Ke2 c6 18.Nc7+ Kd7 19.Na6 Be7 20.Ke1 Bb7 21.Nxc4 Nxc4 22.Bxc4 Ra8
23.f3 Bxa6 24.Bxa6 Bb4+ 25.Kf1 Rxa6 26.fxe4 Ra2  0-1

[Event "IX EICC"]
[Site "Plovdiv BUL"]
[Date "2008.04.22"]
[Round "2"]
[White "Minasian,Art"]
[Black "Volokitin,And"]
[Result "1/2-1/2"]
[WhiteElo "2574"]
[BlackElo "2684"]

1.g3 e5 2.Bg2 d5 3.d3 Nc6 4.a3 Nf6 5.b4 Bd6 6.Bb2 O-O 7.Nd2 Re8 8.c4 dxc4
9.Nxc4 a5 10.b5 Nd4 11.a4 Bb4+ 12.Kf1 Nd7 13.e3 Nf5 14.Nf3 f6 15.g4 Nd6 16.Nxd6 Bxd6
17.Nd2 Nc5 18.Ne4 f5 19.Nxd6 Qxd6  1/2-1/2

[Event "IX EICC"]
[Site "Plovdiv BUL"]
[Date "2008.04.24"]
[Round "4"]
[White "Naumann,A"]
[Black "Volokitin,And"]
[Result "1/2-1/2"]
[WhiteElo "2523"]
[BlackElo "2684"]

1.d4 Nf6 2.c4 e6 3.g3 c5 4.Nf3 cxd4 5.Nxd4 Nc6 6.Bg2 Qb6 7.Nb5 Ne5 8.Be3 Bc5
9.Bxc5 Qxc5 10.N1a3 Ke7 11.O-O a6 12.Nd4 d6 13.Qd2 Rd8 14.Rac1 Qc7 15.Rfd1 Bd7
16.b4 Ba4 17.Nb3 Bc6 18.Nb5 Qd7 19.Bxc6 Nxc6 20.N5d4 Nxd4 21.Qxd4 Rac8 22.Na5 Qc7
23.Qe3 Rd7 24.a3 h6 25.Nb3 Qc6 26.c5 dxc5 27.Nxc5 Rxd1+ 28.Rxd1 a5 29.Rc1 Nd5
30.Qd2 axb4 31.axb4 Qb6 32.Nd3 Rxc1+ 33.Qxc1 Qd4 34.Qc5+ Qxc5 35.Nxc5 b6
36.Nd3 Kd6 37.e4 Nc3 38.f3 f5 39.exf5 exf5 40.Kf2 Kd5 41.Ke3 g5 42.h4 Na2
43.hxg5 hxg5 44.Nf2 Ke6 45.Nd3 Kd5 46.Nf2 Nxb4 47.Nh3 Nc2+ 48.Kd2 Nd4 49.Nxg5 Kc4
50.g4 f4 51.Nh3 Nxf3+ 52.Kc1 Ne5 53.Nxf4 Nxg4 54.Kb2 b5 55.Ne2 b4 56.Nc1 Ne5
57.Kc2 Nc6 58.Kb2 Ne5 59.Kc2 Nf3 60.Kb2 Ne1 61.Nb3 Nd3+ 62.Kc2 Ne5 63.Kb2 Kb5
64.Nd4+ Ka4 65.Ka2 Nd3 66.Kb1 b3 67.Nxb3  1/2-1/2

[Event "DMP Ekstraliga"]
[Site "Karpacz POL"]
[Date "2008.09.06"]
[Round "1"]
[White "Jasnikowski,Z"]
[Black "Volokitin,And"]
[Result "0-1"]
[WhiteElo "2403"]
[BlackElo "2672"]

1.d4 Nf6 2.c4 e6 3.Nf3 c5 4.d5 b5 5.dxe6 fxe6 6.cxb5 d5 7.g3 a6 8.bxa6 Bd6
9.Bg2 O-O 10.O-O Bxa6 11.Nc3 Ra7 12.Ng5 Re7 13.f4 Kh8 14.Re1 c4 15.e3 Nc6
16.a3 Na5 17.Ne2 Nb3 18.Rb1 e5 19.fxe5 Bxe5 20.Nf3 Bc8 21.Ned4 Bxd4 22.exd4 Rxe1+
23.Qxe1 Bf5 24.Bf4 Bxb1 25.Qxb1 Qb6 26.Be5 Ne4 27.Qe1 Na5 28.Nh4 Nc6  0-1

[Event "DMP Ekstraliga"]
[Site "Karpacz POL"]
[Date "2008.09.07"]
[Round "2"]
[White "Koziak,V"]
[Black "Volokitin,And"]
[Result "0-1"]
[WhiteElo "2489"]
[BlackElo "2672"]

1.d4 Nf6 2.c4 e6 3.Nc3 Bb4 4.Qc2 O-O 5.a3 Bxc3+ 6.Qxc3 b6 7.Bg5 Bb7 8.e3 d6
9.f3 Nbd7 10.Bd3 Rc8 11.Ne2 c5 12.Qd2 h6 13.Bh4 cxd4 14.exd4 Ba6 15.b3 d5
16.cxd5 Bxd3 17.Qxd3 exd5 18.O-O Qc7 19.Rfc1 Qb7 20.g4 Rxc1+ 21.Rxc1 Rc8
22.Rxc8+ Qxc8 23.Kg2 Qc6 24.Bf2 b5 25.Be3 a6 26.Ng3 Qd6 27.Bg1 Nf8 28.Nf5 Qc7
29.Be3 Ne6 30.Qd2 h5 31.h3 g6 32.Ng3 hxg4 33.hxg4 Nh7 34.Ne2 Nhf8 35.Qc1 Qe7
36.a4 bxa4 37.bxa4 Qb7 38.Nf4 Qb3 39.a5 Qa2+ 40.Qd2 Nxf4+ 41.Bxf4 Qxd2+ 42.Bxd2 Ne6
43.Be3 Kf8 44.f4 Ke7 45.Kf3 Nd8 46.Bd2 Ke6 47.Ke3 Nc6 48.Bc3 Na7 49.Bb4 Nb5
50.Bc5 Nc3 51.Bb4 Ne4 52.Bf8 f5 53.gxf5+ Kxf5 54.Bb4 Kg4 55.Be7 Ng3 56.Bg5 Nf5+
57.Kd3 Ng7 58.Kc3 Ne6 59.Kb4 Nxf4 60.Bh6  0-1

[Event "DMP Ekstraliga"]
[Site "Karpacz POL"]
[Date "2008.09.08"]
[Round "3"]
[White "Volokitin,And"]
[Black "Tazbir,M"]
[Result "1/2-1/2"]
[WhiteElo "2672"]
[BlackElo "2444"]

1.e4 e5 2.Nf3 Nc6 3.Bb5 a6 4.Ba4 Nf6 5.O-O Be7 6.Re1 b5 7.Bb3 O-O 8.c3 d6
9.h3 Nb8 10.d4 Nbd7 11.Nbd2 Bb7 12.Bc2 Re8 13.a4 Bf8 14.Bd3 c6 15.b3 Qc7
16.Bb2 g6 17.Qc2 Bg7 18.c4 bxa4 19.c5 d5 20.dxe5 dxe4 21.Bxe4 axb3 22.Nxb3 Nd5
23.Na5 Nf4 24.Qd2 Ne6 25.Qd6 Ndxc5 26.Qxc7 Nxc7 27.Nxb7 Nxe4 28.Rxe4 Reb8
29.Rb4  1/2-1/2

[Event "DMP Ekstraliga"]
[Site "Karpacz POL"]
[Date "2008.09.09"]
[Round "4"]
[White "Wojtaszek,R"]
[Black "Volokitin,And"]
[Result "1/2-1/2"]
[WhiteElo "2593"]
[BlackElo "2672"]

1.d4 d5 2.Nf3 Nf6 3.c4 c6 4.e3 g6 5.Nc3 Bg7 6.Bd3 O-O 7.O-O Be6 8.cxd5 cxd5
9.Qb3 b6 10.Bd2 Ne4 11.Rfc1 Nxd2 12.Nxd2 Nc6 13.Qa4 Qd6 14.Bb5 Nb8 15.Be2 a6
16.Bf3 Bd7 17.Qb3 e6 18.Na4 Bb5 19.Nc3 Be8 20.Na4 Bb5 21.Nc3 Be8  1/2-1/2

[Event "DMP Ekstraliga"]
[Site "Karpacz POL"]
[Date "2008.09.11"]
[Round "6"]
[White "Fedorchuk,S"]
[Black "Volokitin,And"]
[Result "1-0"]
[WhiteElo "2624"]
[BlackElo "2672"]

1.e4 c5 2.Nf3 e6 3.d4 cxd4 4.Nxd4 a6 5.Be2 Nf6 6.Nc3 d6 7.O-O Be7 8.f4 O-O
9.Be3 Qc7 10.Bf3 Nc6 11.Kh1 Rb8 12.Qe1 Na5 13.Rd1 b5 14.e5 dxe5 15.fxe5 Qxe5
16.Nb3 Nc4 17.Ba7 Qc7 18.Bxb8 Qxb8 19.Nd4 Nxb2 20.Nc6 Qb7 21.Rb1 Ba3 22.Nd1 Nc4
23.Ne3 Nd6 24.c4 Qc7 25.Qc3 Nde4 26.Qxa3 Qxc6 27.cxb5 axb5 28.Qb4 Bd7 29.Ng4 Qc2
30.Rb2 Qa4 31.Ne5 Qxb4 32.Rxb4 Nc3 33.Rb3 Nxa2 34.Ra1 Rc8 35.g4 Nc3 36.g5 Nfe4
37.Nxd7 h6 38.gxh6 Nd2 39.Rg1 Kh7 40.Rxc3 Rxc3 41.hxg7 Kg8 42.Bb7  1-0

[Event "24th ECC"]
[Site "Kallithea GRE"]
[Date "2008.10.17"]
[Round "1"]
[White "Middelburg,T"]
[Black "Volokitin,And"]
[Result "0-1"]
[WhiteElo "2388"]
[BlackElo "2659"]

1.e4 c5 2.Nf3 d6 3.d4 cxd4 4.Nxd4 Nf6 5.Nc3 a6 6.Be2 e6 7.f4 Qc7 8.O-O Be7
9.a4 O-O 10.Kh1 b6 11.Bf3 Bb7 12.f5 e5 13.Nde2 Nbd7 14.g4 h6 15.g5 hxg5 16.Bxg5 Kh7
17.Rg1 Rh8 18.Qd2 Kg8 19.Rg2 Rh3 20.Bh6 Bf8 21.Rag1 Rxf3 22.Bxg7 Bxg7 23.Rxg7+ Kf8
24.Qh6 Rxf5 25.R7g5+ Ke7 26.Rxf5 Qc4 27.Qh4 Bxe4+ 28.Nxe4 Qxe4+ 29.Qxe4 Nxe4
30.Rg7 Rf8 31.Kg2 Ke6 32.Rf3 f5 33.h4 f4 34.Rh3 Nd2 35.Kf2 Nf6 36.Ke1 Nfe4
37.Nc3 f3 38.Nxe4 Nxe4 39.Rh1 Kf6 40.Rg4 Kf5 41.Rxe4 Kxe4 42.Kf2 Rg8 43.Rh2 Kf4
44.h5 Rg4 45.h6 e4 46.h7 e3+ 47.Kf1 e2+ 48.Kf2 Rg1 49.Rh4+ Kf5 50.Rh5+ Kg6
51.Rh6+ Kf7 52.Kxg1 e1=Q+ 53.Kh2 Qd2+  0-1

[Event "24th ECC"]
[Site "Kallithea GRE"]
[Date "2008.10.18"]
[Round "2"]
[White "Volokitin,And"]
[Black "Kovacs,Ga2"]
[Result "1-0"]
[WhiteElo "2659"]
[BlackElo "2490"]

1.e4 e5 2.Nf3 Nf6 3.d4 Nxe4 4.Bd3 d5 5.Nxe5 Nd7 6.Nxd7 Bxd7 7.O-O Bd6 8.c4 c6
9.cxd5 cxd5 10.Nc3 Nxc3 11.bxc3 O-O 12.Qh5 g6 13.Qxd5 Qc7 14.Bh6 Rfe8 15.h4 Be6
16.Qg5 Be7 17.Qd2 Bxh4 18.Bf4 Qd8 19.Rab1 Bd5 20.c4 Be4 21.d5 Qd7 22.Rfe1 Bxd3
23.Qxd3 Bf6 24.c5 Kg7 25.Qc4 Rac8 26.Rxe8 Qxe8 27.Be3 Qd7 28.Qb3 b6 29.c6 Qd6
30.Bh6+ Kg8 31.Qh3 Rd8 32.Re1 Be5 33.Qe3 Re8 34.f4 Bd4 35.Qxd4 Rxe1+ 36.Kf2  1-0

[Event "24th ECC"]
[Site "Kallithea GRE"]
[Date "2008.10.21"]
[Round "5"]
[White "Zhang Pengxiang"]
[Black "Volokitin,And"]
[Result "1/2-1/2"]
[WhiteElo "2636"]
[BlackElo "2659"]

1.d4 d5 2.c4 c6 3.cxd5 cxd5 4.Nc3 Nf6 5.Bf4 Nc6 6.Nf3 Bf5 7.e3 e6 8.Rc1 Rc8
9.Qb3 Bb4 10.Be2 O-O 11.O-O Qe7 12.a3 Bxc3 13.Qxc3 Ne4 14.Qe1 g5 15.Bg3 h5
16.h3 Nxg3 17.fxg3 f6 18.b4 Qd6 19.Nh2 Bg6 20.g4 h4 21.Qd2 Kg7 22.Bd3 Bxd3
23.Qxd3 Ne7 24.Nf3 Rc7 25.Rxc7 Qxc7 26.e4 Ng6 27.exd5 exd5 28.Qe3 Qg3 29.Kh1 Rc8
30.Rg1 Rc7 31.Qe8 Nf4 32.Nxg5 Qc3 33.Ne6+ Nxe6 34.Qxe6 Qxd4  1/2-1/2

[Event "TCh-SLO"]
[Site "Murska Sobota SLO"]
[Date "2008.12.07"]
[Round "2"]
[White "Solak,D"]
[Black "Volokitin,And"]
[Result "1/2-1/2"]
[WhiteElo "2595"]
[BlackElo "2659"]

1.e4 c5 2.c4 Nc6 3.Nc3 g6 4.g3 Bg7 5.d3 e6 6.Nge2 Nge7 7.Bg2 O-O 8.O-O a6
9.Rb1 b5 10.Be3 b4 11.Na4 d6 12.d4 cxd4 13.Nxd4 Bxd4 14.Bxd4 Nxd4 15.Qxd4 e5
16.Qe3 Rb8 17.Rfd1 Nc6 18.Nc5 a5 19.Rd2 Qc7 20.Nd3 Nd4 21.Rc1 b3 22.a3 Nc2
23.Qh6 Ba6 24.Ne1 Nxe1 25.Rxe1 Bxc4 26.Rc1 Rb6 27.Rd3 Rc6 28.Rdc3 Rc5 29.Qe3 Qc6
30.h4 h5 31.Bf3 Rc8 32.g4 hxg4 33.Bxg4 Re8 34.h5 Be6 35.hxg6 fxg6 36.Bxe6+ Rxe6
37.Rxc5 dxc5 38.Rxc5 Qa4 39.Rc7 Rc6 40.Rxc6 Qxc6 41.Qxb3+ Kg7 42.Qe3 Qc2
43.b3 Qb2 44.a4 Qc2 45.Kg2 Kg8 46.Kg3 Qd1 47.f3 Kh7 48.Qa7+ Kh6 49.Qe3+ Kh5
50.Qc5 g5 51.Qa7 Qe1+ 52.Qf2 Qd1 53.Qh2+ Kg6 54.Kg4 Qd7+ 55.Kg3 Qd1 56.Kg4 Qd7+  1/2-1/2

[Event "10th EICC"]
[Site "Budva MNE"]
[Date "2009.03.15"]
[Round "9"]
[White "Nyback,T"]
[Black "Volokitin,And"]
[Result "1/2-1/2"]
[WhiteElo "2644"]
[BlackElo "2671"]

1.d4 Nf6 2.c4 e6 3.Nf3 d5 4.Nc3 c5 5.cxd5 Nxd5 6.e4 Nxc3 7.bxc3 cxd4 8.cxd4 Bb4+
9.Bd2 Bxd2+ 10.Qxd2 O-O 11.Bc4 Nd7 12.e5 b6 13.O-O Bb7 14.Qe3 Qe7 15.Rac1 Rfd8
16.Ng5 Nf8 17.f4 h6 18.Ne4 Bxe4 19.Qxe4 Rac8 20.f5 Qb4 21.fxe6 Nxe6 22.Qf5 Rxc4
23.Qxf7+ Kh8 24.Rb1 Qd2 25.Qxe6 Rc2 26.Qg4 Qxd4+ 27.Qxd4 Rxd4 28.e6 Re4 29.Rbe1 Rce2
30.Rxe2 Rxe2 31.Rf8+ Kh7 32.Ra8 a5 33.Re8 Kg6 34.Kf1 Re4 35.e7 Kf7 36.Rb8 Kxe7
37.Rxb6 Ra4 38.Rb2 Kf6 39.Ke2 Ra3 40.Kd2 h5 41.Kc1 h4 42.Re2 Kf5 43.Kb2 Rd3
44.Kc2 Rd4 45.Kc3 Re4 46.Rb2 Kg4 47.Kd3 Ra4 48.Ke2 g5 49.Kf2 Rc4 50.h3+ Kf4
51.Kg1 a4 52.Kh2 g4 53.hxg4 Kxg4 54.Rb8 Rd4  1/2-1/2

[Event "10th EICC"]
[Site "Budva MNE"]
[Date "2009.03.17"]
[Round "11"]
[White "Kurnosov,I"]
[Black "Volokitin,And"]
[Result "1-0"]
[WhiteElo "2602"]
[BlackElo "2671"]

1.e4 e5 2.Bc4 Nf6 3.d3 c6 4.Nf3 d5 5.Bb3 a5 6.a4 Bb4+ 7.c3 Bd6 8.Bg5 dxe4
9.dxe4 h6 10.Bh4 Qe7 11.Nbd2 Bc7 12.O-O Nbd7 13.Nc4 g5 14.Bg3 Nxe4 15.Bxe5 Nxe5
16.Nfxe5 Bxe5 17.Re1 Kf8 18.Nb6 Nxf2 19.Nxc8 Rxc8 20.Qf3 Qf6 21.Rxe5 Qxf3
22.gxf3 Nh3+ 23.Kf1 b6 24.Rae1 Rc7 25.Re8+ Kg7 26.Rxh8 Kxh8 27.Re8+ Kg7 28.Rb8 Rd7
29.Rxb6 Rd2 30.Bc4 Rxh2 31.b4 Rf2+ 32.Ke1 Rxf3 33.bxa5 Rxc3 34.Rxc6 g4 35.a6 g3
36.Bd5 Re3+ 37.Kf1 Ra3 38.Rc4 Kf6 39.a7 Ke5 40.a8=Q Ra1+ 41.Kg2  1-0

[Event "17th TCh-Eur"]
[Site "Novi Sad SRB"]
[Date "2009.10.22"]
[Round "1"]
[White "Korchnoi,V"]
[Black "Volokitin,And"]
[Result "1/2-1/2"]
[WhiteElo "2566"]
[BlackElo "2681"]

1.d4 f5 2.Qd3 e6 3.g4 fxg4 4.h3 g3 5.fxg3 d5 6.Bf4 c5 7.e3 Nc6 8.Nf3 Nf6
9.c3 cxd4 10.exd4 Nh5 11.Rg1 Nxf4 12.gxf4 Qf6 13.Rg4 h5 14.Qg6+ Kd8 15.Rg2 Qxf4
16.Nbd2 Rh6 17.Qg5+ Qxg5 18.Nxg5 Kc7 19.Ndf3 Rf6 20.Be2 Bd6 21.O-O-O Bd7
22.Nh7 Rf7 23.Nfg5 Re7 24.Bxh5 Bf4+ 25.Kb1 e5 26.Bg6 exd4 27.cxd4 Rh8 28.h4 Be3
29.Nf3 Be8 30.Bxe8 Rhxe8 31.Rg4 Rf7 32.Nhg5 Rf4 33.Rxf4 Bxf4 34.Rg1 Re2 35.Rg4 Be3
36.Ne6+ Kb6 37.a3 Rf2 38.Ne5 Nxe5 39.dxe5 Rf5 40.Rxg7 Rxe5 41.Nd8 Ka6 42.Rxb7 Bb6
43.Rd7 Bxd8  1/2-1/2

[Event "17th TCh-Eur"]
[Site "Novi Sad SRB"]
[Date "2009.10.24"]
[Round "3"]
[White "Volokitin,And"]
[Black "Johannessen,LE"]
[Result "1-0"]
[WhiteElo "2681"]
[BlackElo "2532"]

1.e4 e5 2.Nf3 Nc6 3.Bb5 a6 4.Ba4 Nf6 5.O-O Be7 6.Re1 b5 7.Bb3 d6 8.c3 O-O
9.h3 Na5 10.Bc2 c5 11.d4 Qc7 12.Nbd2 Bd7 13.Nf1 Nc4 14.b3 Nb6 15.Ne3 c4 16.Ba3 Rfe8
17.bxc4 Nxc4 18.Nxc4 bxc4 19.d5 Bf8 20.Nd2 Rab8 21.Qf3 Rec8 22.Reb1 Ne8 23.Rxb8 Rxb8
24.Qe2 Rc8 25.Rb1 g6 26.Bc1 Qa5 27.Nxc4 Qxa2 28.Nb6 Rxc3 29.Rb2 Qa1 30.Rb1 Qa2
31.Rb2 Qa1 32.Qe1 Rc7 33.Nxd7 Rxd7 34.Rb8 Ng7 35.Bd2 Qxe1+ 36.Bxe1 Rc7 37.Bb4  1-0

[Event "17th TCh-Eur"]
[Site "Novi Sad SRB"]
[Date "2009.10.27"]
[Round "6"]
[White "Pantsulaia,L"]
[Black "Volokitin,And"]
[Result "1/2-1/2"]
[WhiteElo "2600"]
[BlackElo "2681"]

1.d4 d5 2.c4 c6 3.Nf3 Nf6 4.Nc3 dxc4 5.e3 b5 6.a4 b4 7.Nb1 Ba6 8.Nbd2 c3
9.bxc3 bxc3 10.Nc4 e6 11.Ba3 Bxa3 12.Rxa3 O-O 13.Rxc3 c5 14.Be2 cxd4 15.Nxd4 Ne4
16.Rc1 Bxc4 17.Bxc4 Qa5+ 18.Kf1 Nd2+ 19.Ke2 Nxc4 20.Rxc4 Qd5 21.Qc2 Qxg2
22.Rd1 Nd7 23.Nf3 Nb6 24.Rg1 Qh3 25.Qb2 e5 26.Rcg4 g6 27.Qxe5 Rac8 28.Nd4 Rfe8
29.Qg5 Qxh2 30.R1g3 Qh1 31.Rh4 Qd5 32.Qh6 Qc4+ 33.Kf3 Qd5+ 34.Ke2 Qc4+ 35.Kf3 Qd5+  1/2-1/2

[Event "17th TCh-Eur"]
[Site "Novi Sad SRB"]
[Date "2009.10.29"]
[Round "8"]
[White "Stellwagen,D"]
[Black "Volokitin,And"]
[Result "1/2-1/2"]
[WhiteElo "2630"]
[BlackElo "2681"]

1.e4 e5 2.Nf3 Nc6 3.Bb5 Nf6 4.O-O Nxe4 5.d4 Nd6 6.Bxc6 dxc6 7.dxe5 Nf5 8.Qxd8+ Kxd8
9.Nc3 Bd7 10.h3 h6 11.b3 Kc8 12.Bb2 Ne7 13.Rad1 c5 14.Rd2 Be6 15.Rfd1 b6
16.Ne2 Ng6 17.Ng3 Nf4 18.Rd8+ Kb7 19.Rxa8 Kxa8 20.c4 Bc8 21.e6 Bxe6 22.Be5 Ng6
23.Nh5 Nxe5 24.Rd8+ Kb7 25.Nxe5 g6 26.Nf4 Bg7 27.Rxh8 Bxe5 28.Nxe6 Bxh8 29.Nd8+ Kc8
30.Nxf7 Bg7 31.g4 g5 32.f4 gxf4 33.g5 hxg5 34.Nxg5 Kd7 35.Kf2 Kd6 36.Nf3 Ke6
37.Ke2 Kf5 38.Kd3  1/2-1/2

[Event "17th TCh-Eur"]
[Site "Novi Sad SRB"]
[Date "2009.10.30"]
[Round "9"]
[White "Volokitin,And"]
[Black "Roiz,M"]
[Result "1/2-1/2"]
[WhiteElo "2681"]
[BlackElo "2658"]

1.e4 e6 2.d4 d5 3.Nc3 dxe4 4.Nxe4 Nd7 5.Nf3 Ngf6 6.Bd3 c5 7.O-O Nxe4 8.Bxe4 Nf6
9.Bg5 cxd4 10.Nxd4 Be7 11.Bf3 O-O 12.a4 a6 13.Re1 Qc7 14.c3 Rd8 15.g3 Nd5
16.Bxe7 Nxe7 17.Qe2 Bd7 18.a5 Rab8 19.Qe3 h6 20.Bg2 Rbc8 21.f4 Be8 22.Qe5 Qxe5
23.Rxe5 Nc6 24.Rc5 Nxd4 25.Rxc8 Rxc8 26.cxd4 Rc7 27.d5  1/2-1/2

[Event "TCh-AUT 2009-10"]
[Site "Baden AUT"]
[Date "2010.03.20"]
[Round "11"]
[White "Kurnosov,I"]
[Black "Volokitin,And"]
[Result "1/2-1/2"]
[WhiteElo "2666"]
[BlackElo "2691"]

1.e4 e5 2.Nf3 Nc6 3.Bb5 Nf6 4.O-O Nxe4 5.d4 Nd6 6.Bxc6 dxc6 7.dxe5 Nf5 8.Qxd8+ Kxd8
9.Nc3 Bd7 10.h3 h6 11.b3 Ne7 12.Bb2 c5 13.Rad1 Kc8 14.Rd2 Be6 15.Rfd1 b6
16.Ne2 Ng6 17.h4 Be7 18.h5 Nf8 19.Nh2 a5 20.c4 g6 21.Nf4 gxh5 22.Nxh5 a4
23.f3 Ng6 24.Nf6 h5 25.Nf1 Bxf6 26.exf6 h4 27.Rf2 axb3 28.axb3 Ra2 29.Ra1 Rxa1
30.Bxa1 Rd8 31.Rd2 Bf5 32.Bc3 Rxd2 33.Nxd2 Kd7 34.Ne4 Bxe4 35.fxe4 Ke6 36.Kf2 Nf4
37.Bd2 Ke5 38.Kf3 Ne6 39.Bc3+ Nd4+ 40.Ke3 Kxf6 41.b4 Kg5 42.bxc5 bxc5 43.Ba5 c6
44.Bb6 Ne6 45.Kf3 Kh5 46.Ba7 Kg5 47.Bb6 Kf6 48.Ke3 Kg5 49.Kf3 f5 50.exf5 Kxf5
51.Ba7 Nd4+ 52.Ke3 Nb3 53.Bb8 Nd4 54.Bd6 Kg4 55.Bxc5 Nf5+  1/2-1/2

[Event "TCh-AUT 2009-10"]
[Site "Baden AUT"]
[Date "2010.03.28"]
[Round "9"]
[White "Lanka,Z"]
[Black "Volokitin,And"]
[Result "0-1"]
[WhiteElo "2506"]
[BlackElo "2691"]

1.e4 e5 2.Nf3 Nc6 3.Bb5 Nf6 4.d3 Bc5 5.O-O Nd4 6.Nxd4 Bxd4 7.c3 Bb6 8.Kh1 c6
9.Ba4 O-O 10.Bg5 d5 11.Nd2 Qd6 12.Bb3 Ng4 13.Qe2 Qg6 14.Bh4 Qh5 15.Bg3 f5
16.exf5 Bxf5 17.h3 Nf6 18.Rfe1 Qxe2 19.Rxe2 Nd7 20.Bc2 Nc5 21.Rxe5 Bxd3 22.Bb1 Bc7
23.Re1 Bxg3 24.fxg3 Rae8 25.Rxe8 Rxe8 26.Nf3 Re2 27.Bxd3 Nxd3 28.b3 Rc2 29.Kh2 Rxc3
30.Rd1 Nf2 31.Rf1 Ne4 32.Ne5 Nf6 33.g4 Re3 34.Nf3 c5 35.g5 Ne4 36.h4 Nc3
37.a3 d4 38.b4 b6 39.bxc5 bxc5 40.Nd2 d3 41.Rf5 Ne4 42.Nc4 Re2 43.Rd5 d2
44.h5 g6 45.h6 Kf7 46.a4 a5 47.Rd7+ Ke6 48.Rd8 Kf5 49.Nxa5 Nc3  0-1

[Event "TCh-AUT 2009-10"]
[Site "Baden AUT"]
[Date "2010.03.29"]
[Round "10"]
[White "Volokitin,And"]
[Black "Ragger,M"]
[Result "1/2-1/2"]
[WhiteElo "2691"]
[BlackElo "2565"]

1.e4 e5 2.Nf3 Nc6 3.Bb5 a6 4.Ba4 Nf6 5.O-O b5 6.Bb3 Bc5 7.a4 Rb8 8.axb5 axb5
9.Nxe5 Nxe5 10.d4 Bxd4 11.Qxd4 d6 12.f4 Nc6 13.Qc3 Ne7 14.Nd2 O-O 15.e5 Nfd5
16.Qf3 dxe5 17.fxe5 c5 18.c4 Nc7 19.Ne4 Ne6 20.cxb5 c4 21.Ba4 Bb7 22.Rd1 Qc7
23.Bc2 Qxe5 24.Qg3 Qxg3 25.Nxg3 Nd5 26.Nf5 Nb4 27.Ne7+ Kh8 28.Bf5 Nd3 29.Nc6 Bxc6
30.bxc6 Rfc8 31.Bxd3 cxd3 32.Rxd3 Rxc6 33.b4 h6 34.Bd2 Rc2 35.Ra7 Kg8 36.Rdd7 Re8
37.Kf1 Rb2 38.Be1 Rb1 39.Rxf7 Nc7 40.Rfxc7 Rbxe1+ 41.Kf2 R1e2+ 42.Kf1  1/2-1/2

[Event "TCh-SRB 1st League"]
[Site "Vrnjacka Banja SRB"]
[Date "2010.08.21"]
[Round "1"]
[White "Volokitin,And"]
[Black "Sokolov,Ivan"]
[Result "0-1"]
[WhiteElo "2661"]
[BlackElo "2641"]

1.e4 e5 2.Nf3 Nc6 3.Bb5 Nge7 4.O-O g6 5.c3 a6 6.Ba4 Bg7 7.d4 b5 8.Bc2 exd4
9.cxd4 d6 10.d5 Na5 11.a4 b4 12.Nbd2 c5 13.dxc6 O-O 14.Nb3 Naxc6 15.Nfd4 Nxd4
16.Nxd4 Bb7 17.Re1 Nc6 18.Be3 Qf6 19.Nxc6 Bxc6 20.Rb1 Rfe8 21.f3 Rad8 22.Bb3 d5
23.exd5 Bxd5 24.Bxd5 Qf5 25.Bb6 Rxe1+ 26.Qxe1 Rxd5 27.Qe8+ Bf8 28.Rc1 Qf6
29.Qb8 Qxb2 30.Be3 Qe2 31.Bh6 Rd1+ 32.Rxd1 Qxd1+ 33.Kf2 Qd6 34.Qa8 b3 35.Ke2 b2
36.Bxf8 Qxf8 37.Qb7 Qe8+ 38.Kd3 Qe5 39.Kc2 Qxh2 40.Qc8+ Kg7 41.Qc3+ f6 42.Qd2 Qe5
43.Qd7+ Kh6 44.Qh3+ Qh5 45.Qc8 b1=Q+ 46.Kxb1 Qh1+ 47.Kc2 Qxg2+ 48.Kb3 Qxf3+
49.Kb4 Qe4+ 50.Ka5 Qf5+  0-1

[Event "TCh-SRB 1st League"]
[Site "Vrnjacka Banja SRB"]
[Date "2010.08.23"]
[Round "3"]
[White "Volokitin,And"]
[Black "Kovacevic,A"]
[Result "1/2-1/2"]
[WhiteElo "2661"]
[BlackElo "2581"]

1.e4 e6 2.d4 d5 3.Nc3 Nf6 4.e5 Nfd7 5.f4 c5 6.Nf3 Nc6 7.Be3 Be7 8.dxc5 O-O
9.Qd2 Bxc5 10.O-O-O Qa5 11.Bxc5 Nxc5 12.Kb1 Bd7 13.h4 Rfc8 14.Nd4 Nxd4 15.Qxd4 Na4
16.Nxa4 Bxa4 17.Bd3 Bb5 18.h5 Bxd3 19.cxd3 Qc5 20.Qxc5 Rxc5 21.d4 Rc4 22.g4 Rac8
23.f5 h6 24.b3 Rc2 25.Rc1 Rxc1+ 26.Rxc1 Rxc1+ 27.Kxc1 g6 28.hxg6 fxg6 29.f6 Kf7
30.Kd2 Ke8 31.a4 a5 32.Ke3 g5  1/2-1/2